A study on the pragmatic features of collocation used in advertising hair care products in English and Vietnamese

Introduction; Literature review and theoretical background; Research design and methodology...

Salvato in:
Dettagli Bibliografici
Autore principale: Hoàng, Thị Hương Giang.
Altri autori: Trương Viên, Assoc.Prof. Dr. (Hướng dẫn.)
Natura: Sconosciuto
Lingua:English
Pubblicazione: Đà Nẵng : Đại học Đà Nẵng, 2010.
Soggetti:
Tags: Aggiungi Tag
Nessun Tag, puoi essere il primo ad aggiungerne! !
Thư viện lưu trữ: Mạng thư viện Đại học Đà Nẵng
LEADER 02891na a2200373 4500
001 000031739
003 7029
005 20230727090025.0
008 151001s2010 000 eng
040 0 |a LNN 
041 |a eng 
082 |a 420.65  |b HO-G 
100 1 |a Hoàng, Thị Hương Giang. 
245 1 2 |a A study on the pragmatic features of collocation used in advertising hair care products in English and Vietnamese  |h [Thesis-Luận văn thạc sĩ] /  |c Hoàng Thị Hương Giang; Trương Viên hướng dẫn. 
260 |a Đà Nẵng :  |b Đại học Đà Nẵng,  |c 2010. 
300 |a 53tr. ;  |c 29 cm. +  |e 1 tóm tắt. 
500 |a m.A thesis in the English language. 
520 3 |a Introduction; Literature review and theoretical background; Research design and methodology... 
630 0 4 |a Tiếng Anh. 
650 0 4 |a English language  |x Pragmatic features. 
700 1 |a Trương Viên,  |c Assoc.Prof. Dr.,  |e Hướng dẫn. 
OWN |a LNN 
AVA |a UDN50  |b LNN  |c English  |d 420.65 HO-G  |e available  |t Error 5001 Not defined in file expand_doc_bib_avail.  |f 1  |g 0  |h N  |i 0  |j AN  |k 1 
Z40 3 |y A study on the pragmatic features of collocation used in advertising hair care products in English a  |l Library of UFL  |t VIEW  |x http://catalog.udn.vn:80/F?func=service&doc_library=UDN01&local_base=UDN01&doc_number=000031739&sequence=000001&line_number=0001&func_code=DB_RECORDS&service_type=MEDIA  |f giangtomtat_000034076.pdf  |e pdf  |s 000617133  |k 20240419  |m NTMTHI 
Z40 3 |y A study on the pragmatic features of collocation used in advertising hair care products in English a  |l Library of UFL  |t VIEW  |x http://catalog.udn.vn:80/F?func=service&doc_library=UDN01&local_base=UDN01&doc_number=000031739&sequence=000002&line_number=0002&func_code=DB_RECORDS&service_type=MEDIA  |f luanvan-giang_000034079.pdf  |e pdf  |s 001047240  |k 20240419  |m NTMTHI 
999 |a From the UDN01 
AVA |a UDN50  |b LNN  |c English  |d 420.65 HO-G  |e available  |t Error 5001 Not defined in file expand_doc_bib_avail.  |f 1  |g 0  |h N  |i 0  |j AN  |k 1 
TYP |a Printed language 
856 |y A study on the pragmatic features of collocation used in advertising hair care products in English a  |l Library of UFL  |t VIEW  |x http://catalog.udn.vn:80/F?func=service&doc_library=UDN01&local_base=UDN01&doc_number=000031739&sequence=000001&line_number=0001&func_code=DB_RECORDS&service_type=MEDIA  |f giangtomtat_000034076.pdf  |e pdf  |s 000617133  |k 20240419  |m NTMTHI 
856 |y A study on the pragmatic features of collocation used in advertising hair care products in English a  |l Library of UFL  |t VIEW  |x http://catalog.udn.vn:80/F?func=service&doc_library=UDN01&local_base=UDN01&doc_number=000031739&sequence=000002&line_number=0002&func_code=DB_RECORDS&service_type=MEDIA  |f luanvan-giang_000034079.pdf  |e pdf  |s 001047240  |k 20240419  |m NTMTHI 
980 |a Mạng thư viện Đại học Đà Nẵng